00667nam a2200169 a 450000100100000000500170001000800410002704000250006808200140009324500420010726000470014930000270019604900090022395201210023295201270035399900170048000002958120200930055643.0110419s1982 dr a 000 0 spa d aDO-SdBNPbspacBNPHU axxxbC75501aConsejos a los empleados de comercio. aSanto Domingo :bImpresora Ángel,c1982. a18 p. :bil. ;c15 cm. aBNPD 001054708PDaPDbPDcCTd2011-04-19iLF1l0oxxx C755p29581-10r2020-06-25w2020-06-25yLFPDZPréstamo en sala 001054728PDaPDbPDcCTd2011-04-19iLF1l0oxxx C755p29581-20r2020-06-25te. 2w2020-06-25yLFPDZPréstamo en sala c29073d29073